000 00418nam a22001697a 4500
005 20241106125234.0
010 _aENG-141045
020 _a978939385321
_c200.00
035 _aEN-124577
037 _bDBAD
082 _a881
100 _aSharma, Sujata
_973749
245 _aUnclothed Desires/
_cBy Sujata Sharma
260 _b
300 _a57.Pages
_c20cm,(hb)
942 _2ddc
_cEN
_h881
_mSUJ
999 _c204556
_d204556